| 000 | 00351nam a2200133Ia 4500 | ||
|---|---|---|---|
| 008 | 150202s9999 xx 000 0 und d | ||
| 020 | _a380778581 | ||
| 050 |
_aFIC _bFIC |
||
| 100 | _aSuson, Marlene. | ||
| 245 |
_aMidnight lord / _cMarlene Suson. |
||
| 260 |
_aNew York : _bAvon Books, _c1995. |
||
| 300 |
_a380 pages : _c18 cm. |
||
| 650 | _aFiction. | ||
| 999 |
_c282439 _d282439 |
||